Analýza vzťahu medzi rozpočtovou odchýlkou a kvantitatívno-kvalitatívnymi parametrami programového rozpočtu mesta

Štatistická analýza parametrov programového rozpočtovania súvisiacich so schopnosťou samosprávy spoľahlivo plánovať očakávanú výšku rozpočtových výdavkov meranou prostredníctvom rozpočtovej odchýlky.

Na minha lista:
Detalhes bibliográficos
Autor principal: Hošták, Peter
Formato: Capítulo de Livro
Idioma:eslovaco
Assuntos:
Tags: Adicionar Tag
Sem tags, seja o primeiro a adicionar uma tag!

MARC

LEADER 00000naa a2200000 4500
001 0215551
005 20221019174007.9
041 0 |a slo 
044 |a SK 
245 1 0 |a Analýza vzťahu medzi rozpočtovou odchýlkou a kvantitatívno-kvalitatívnymi parametrami programového rozpočtu mesta  |c Peter Hošták 
520 |a Štatistická analýza parametrov programového rozpočtovania súvisiacich so schopnosťou samosprávy spoľahlivo plánovať očakávanú výšku rozpočtových výdavkov meranou prostredníctvom rozpočtovej odchýlky. 
610 2 0 |a mestá 
610 2 0 |a správa verejná 
610 2 0 |a analýza štatistická 
610 2 0 |a samospráva 
610 2 0 |a rozpočet štátny 
610 2 0 |a rozpočtovanie 
610 2 0 |a pravidlá rozpočtové 
100 1 |a Hošták, Peter